Chủ tịch Hồ Chí Minh và sự ra đời nhà nước Việt Nam Dân chủ Cộng hoà /

Gardado en:
Detalles Bibliográficos
Autor Principal: Đỗ Đức Hinh.
Formato: Artigo
Idioma:Vietnamese
Những chủ đề:
Các nhãn: Engadir etiqueta
Sen Etiquetas, Sexa o primeiro en etiquetar este rexistro!
Thư viện lưu trữ: Thư viện Trường Đại học Đà Lạt
LEADER 00900nam a2200289 4500
001 DLU090070848
005 ##20090520
040 # # |a DLU  |b vie 
041 # # |a vie 
044 # # |a vn 
100 # # |a Đỗ Đức Hinh. 
245 # # |a Chủ tịch Hồ Chí Minh và sự ra đời nhà nước Việt Nam Dân chủ Cộng hoà /  |c Đỗ Đức Hinh. 
653 # # |a Đường lối kháng chiến 
653 # # |a Hồ Chí Minh, 1980-1969 
653 # # |a Lịch sử Việt Nam 
653 # # |a Thành quả cách mạng 
653 # # |a Tiến trình lịch sử 
773 # # |t Lịch sử Đảng  |g Số 1(182), 2006, tr. 19-23 
920 # # |a Phòng Tạp chí -- Trung tâm Thông tin - Thư viện Trường Đại học Đà Lạt 
994 # # |a DLU 
900 # # |a True 
911 # # |a Trịnh Ngọc Pháp 
925 # # |a G 
926 # # |a A 
927 # # |a BB 
980 # # |a Thư viện Trường Đại học Đà Lạt